MARC details
| 000 -CABECERA |
| campo de control de longitud fija |
00919nam a2200241 a 4500 |
| 001 - NÚMERO DE CONTROL |
| campo de control |
000017639 |
| 003 - IDENTIFICADOR DEL NÚMERO DE CONTROL |
| campo de control |
DO-SdBNP |
| 005 - FECHA Y HORA DE LA ÚLTIMA TRANSACCIÓN |
| campo de control |
20260416133523.0 |
| 008 - DATOS DE LONGITUD FIJA--INFORMACIÓN GENERAL |
| campo de control de longitud fija |
100329s1978 dr 000 0spa d |
| 040 ## - FUENTE DE LA CATALOGACIÓN |
| Centro catalogador/agencia de origen |
DO-SdBNP |
| Lengua de catalogación |
spa |
| Centro/agencia transcriptor |
BNPHU |
| 082 #4 - NÚMERO DE LA CLASIFICACIÓN DECIMAL DEWEY |
| Número de clasificación |
923.5 |
| Número de documento/Ítem |
A473t |
| Número de edición |
22 |
| 245 00 - MENCIÓN DE TÍTULO |
| Título |
Trayectoria : |
| Resto del título |
artículos y cartas del licenciado Arturo Napoleón Álvarez / |
| Mención de responsabilidad, etc. |
recopilados por Cipriano Álvarez y Víctor R. Brito. |
| 260 ## - PUBLICACIÓN, DISTRIBUCIÓN, ETC. |
| Lugar de publicación, distribución, etc. |
Santo Domingo : |
| Nombre del editor, distribuidor, etc. |
Servicios Gráficos Diversos, |
| Fecha de publicación, distribución, etc. |
1978. |
| 300 ## - DESCRIPCIÓN FÍSICA |
| Extensión |
95 p. ; |
| Dimensiones |
23 cm. |
| 590 ## - NOTA LOCAL (RLIN) |
| Nota local |
Inventariado, 2020/ YL |
| 600 10 - PUNTO DE ACCESO ADICIONAL DE MATERIA--NOMBRE DE PERSONA |
| Nombre de persona |
Álvarez, Arturo Napoleón, |
| Fechas asociadas al nombre |
1903-1976 |
| 9 (RLIN) |
38450 |
| Subdivisión de forma |
Correspondencias, memorias, etc. |
| 650 #0 - PUNTO DE ACCESO ADICIONAL DE MATERIA--TÉRMINO DE MATERIA |
| Término de materia o nombre geográfico como elemento de entrada |
Abogados |
| Subdivisión de forma |
Correspondencias, memorias, etc. |
| 9 (RLIN) |
4962 |
| 650 #0 - PUNTO DE ACCESO ADICIONAL DE MATERIA--TÉRMINO DE MATERIA |
| Término de materia o nombre geográfico como elemento de entrada |
Práctica del derecho |
| 9 (RLIN) |
38452 |
| 700 1# - PUNTO DE ACCESO ADICIONAL--NOMBRE DE PERSONA |
| Nombre de persona |
Álvarez, Cipriano, |
| Término indicativo de función/relación |
comp. |
| 9 (RLIN) |
27792 |
| 700 1# - PUNTO DE ACCESO ADICIONAL--NOMBRE DE PERSONA |
| Nombre de persona |
Brito, Víctor R., |
| Término indicativo de función/relación |
comp. |
| 9 (RLIN) |
38453 |
| 910 ## - DATOS DE OPCIÓN DEL USUARIO (OCLC) |
| Datos de opción del usuario |
Validado. Control de calidad EMS |
| 942 ## - ELEMENTOS DE PUNTO DE ACCESO ADICIONAL (KOHA) |
| Fuente del sistema de clasificación o colocación |
Dewey Decimal Classification |
| Tipo de ítem Koha |
Libros y folletos |